000 00595nam a2200205 i 4500
003 OSt
005 20260427155629.0
008 771209s1976 ii bf b 001 0 eng
020 _a812150577X
040 _cHDL
041 _aeng
082 0 0 _a327.41 L6
100 1 _aChakravarty, Suhash.
_91235788
245 1 0 _aFrom Khyber to Oxus :
_ba study in imperial expansion /
_cSuhash Chakravarty.
260 _aNew Delhi :
_bOrient Longman,
_c1976.
300 _avii, 280 p.
651 0 _aGreat Britain
_xForeign relations
_zAfghanistan.
_91235789
942 _2CC
_cTEXL
_n0
999 _c1848579
_d1848579